[Event "IHEM"]
[Site "Hamburg GER"]
[Date "2001.06.02"]
[Round "1"]
[White "Reddmann,H"]
[Black "Rogozenko,D"]
[Result "1/2-1/2"]
[WhiteElo "2337"]
[BlackElo "2537"]

1.d4 Nf6 2.Bg5 e6 3.Nc3 h6 4.Bxf6 Qxf6 5.e4 Bb4 6.Nf3 d6 7.Qd3 O-O 8.a3 Ba5
9.Be2 Nd7 10.O-O c5 11.Nb5 Qe7 12.dxc5 dxc5 13.Rad1 Rd8 14.Qe3 a6 15.Nd6 Bc7
16.Nxc8 Raxc8 17.e5 b5 18.c4 b4 19.Qe4 Rb8 20.a4 b3 21.Rd3 Nf8 22.Rxd8 Rxd8
23.Qb7 Ng6 24.g3 a5 25.Re1 Rd7 26.Qa8+ Qd8 27.Qxd8+ Rxd8 28.Bf1 Rb8 29.h4 Rb4
30.h5 Nf8 31.Re3 Nd7 32.Be2 Kf8 33.Kf1 Ke7 34.Bd1 Rxa4 35.Rxb3 Rxc4 36.Rb7 Kd8
37.Be2 Rb4 38.Rxb4 cxb4 39.Bb5 Nc5 40.Nd4 Kc8 41.f4 f6 42.exf6 gxf6 43.f5 e5
44.Ne6 Ne4 45.g4 Bb6 46.Bc6 Nd6 47.b3 Bd8 48.Ke2 Be7 49.Kd3 Kb8 50.Ba4 Kb7
51.Nc5+ Kb6 52.Nd7+ Kc7 53.Nc5 Nc8 54.Ne4 Nb6 55.Be8 Nd5 56.Ba4 Nf4+ 57.Kc4 Ne2
58.Be8 Nd4 59.Ba4 Ne2 60.Kd3 Ng1 61.Ke3 Kb6 62.Be8 Nh3 63.Kd3 Nf4+ 64.Kc4 Ne2
65.Ba4 Kb7 66.Be8 Kc7 67.Bb5 Kc8 68.Ba4 Kd8 69.Bb5 Nd4 70.Ba4 Nc2 71.Kd3 Na3
72.Nd2 Bd6 73.Nc4 Bc7 74.Ne3 Bd6 75.Nc4 Bc7 76.Ne3 Nb1 77.Nd5 e4+ 78.Kxe4 Nc3+
79.Nxc3 bxc3 80.Kd3 Be5 81.Bc6 Kc7 82.Bf3 Kd6 83.Bd1 Kc5 84.Bf3 Kb4 85.Kc2 Bg3
86.Bd1 Be1 87.g5 fxg5 88.f6 Bg3 89.f7 Bd6 90.Bg4 Bf8 91.Bf3 Bg7 92.Bg4 Kc5
93.f8=B+ Bxf8 94.Kxc3 Kd5 95.Kd3 Bc5 96.Bd7 Ke5 97.Ke2 Kf4 98.Kf1 Kg3 99.Be6 Kh4
100.Bf7 Kh3 101.Be6+ Kg3 102.Bd7 g4 103.Be6 Kf3 104.Bd5+ Kg3 105.Be6 Kh3
106.Bd7 Kh4 107.Be8  1/2-1/2

[Event "2nd IECC"]
[Site "Ohrid MKD"]
[Date "2001.06.02"]
[Round "2"]
[White "Miladinovic,I"]
[Black "Beliavsky,A"]
[Result "1/2-1/2"]
[WhiteElo "2519"]
[BlackElo "2638"]

1.d4 Nf6 2.Bg5 e6 3.e3 h6 4.Bh4 c5 5.c3 b6 6.Nd2 Bb7 7.Ngf3 Be7 8.Bg3 O-O
9.Bd3 d6 10.h3 Ba6 11.Bxa6 Nxa6 12.Qe2 Qc8 13.O-O Qb7 14.a4 Rac8 15.Rfe1 Nb8
16.e4 cxd4 17.Nxd4 Rfd8 18.N2f3 Nc6 19.Nxc6 Rxc6 20.e5 dxe5 21.Bxe5 Rc5 22.Nd4 Nd7
23.Bg3 Nf8 24.Qe4 Qd7 25.Qf3 Ng6 26.Re4 Rd5 27.Rae1 Bc5 28.Nb3 Rd3 29.Nxc5 bxc5
30.Qh5 Qc6 31.Qe2 R8d5 32.h4 Rd2 33.Qb5 Qxb5 34.axb5 Rxb2 35.c4 Rdd2 36.Ra1 Ne7
37.Be5 Rb3 38.Rg4 Nf5 39.Rf4 f6 40.Bb8 a6 41.Rxa6 Rb1+ 42.Kh2 Rdd1 43.Rxf5 exf5
44.Rc6 Rd4 45.Rxc5 Rb4 46.g3 Rdxc4 47.Rxf5 Kf7 48.Rd5 Rc2 49.Ba7 Ke6 50.Rd3 Rxb5
51.Kg2 h5 52.Be3 Rcb2 53.Ra3 Kf5 54.Ra7 Kg6 55.Rc7 Rb7 56.Rc6 R2b5 57.Rc4 Re7
58.Kf3 Rbe5 59.Rb4 Kf5 60.Rf4+ Ke6 61.Rb4 Rd7 62.Rb6+ Kf5 63.Rb4 Rd3 64.Rf4+ Ke6
65.Rb4 Ra3 66.Rb7 g6 67.Rb4 Rf5+ 68.Kg2 Ra6 69.Rc4 Rfa5 70.Re4+ Kf7 71.Rb4 Ra4
72.Rb5 Ke6 73.Kf3 R6a5 74.Rb6+ Kf5 75.Bd2 Rd5 76.Be3 Rda5 77.Rb8 Rd5 78.Rf8 Ra1
79.Rb8 g5 80.hxg5 fxg5 81.Rf8+ Ke6 82.Re8+ Kf7 83.Rh8 Ra4 84.Rc8 Rb4 85.Kg2 Rb1
86.Kf3 Rf5+ 87.Ke4 Rbb5 88.Rc7+ Kg6 89.Rc6+ Rf6 90.Rxf6+ Kxf6 91.Bd4+ Ke6
92.Kf3 Kf5 93.g4+ hxg4+ 94.Kg2 Rb3 95.Be3 Kg6 96.Bc5 g3 97.f3 Kf5 98.Bd6 g4
99.Kxg3 gxf3 100.Bc5 Ke4 101.Kf2 Rc3 102.Ba7 Rc7 103.Bb6 Rc2+ 104.Kf1 Rc6
105.Ba7 Ra6 106.Bc5 Kf4 107.Bd4 Ra4 108.Bc5 Rc4 109.Ba7 Rb4 110.Bc5 Rb5 111.Bd4 Kg4
112.Kf2 Rb4 113.Bc5 Rb2+ 114.Kf1 Rc2 115.Ba7 Rb2 116.Bc5 Rb5 117.Bd4 Kf4
118.Kf2 Rd5 119.Bb6 Rd7 120.Be3+ Kg4 121.Bb6 Rb7 122.Bc5 Rb5 123.Bd4 Rh5
124.Bb6 Rh2+ 125.Kf1 f2 126.Ke2 Kg3 127.Bc5  1/2-1/2

[Event "FSFM June"]
[Site "Budapest HUN"]
[Date "2001.06.03"]
[Round "2"]
[White "Puschmann,L"]
[Black "Ladanyi,G"]
[Result "0-1"]
[WhiteElo "2291"]
[BlackElo "2007"]

1.d4 Nf6 2.Bg5 e6 3.e3 Be7 4.Nd2 d5 5.Bd3 Nbd7 6.f4 h6 7.Bh4 c5 8.c3 O-O
9.Ngf3 c4 10.Bc2 b5 11.a3 Bb7 12.O-O a5 13.Ne5 Ne4 14.Bxe7 Qxe7 15.Nxe4 dxe4
16.Qe2 Rfc8 17.g4 f5 18.gxf5 exf5 19.Rf2 Nxe5 20.fxe5 g6 21.Kh1 Bd5 22.Rg1 Kh7
23.Qf1 b4 24.axb4 axb4 25.Bd1 Ra1 26.Qh3 Qe6 27.Qg2 bxc3 28.bxc3 Rb8 29.Rb2 Rba8
30.h3 Rc1 31.Rc2 Rca1 32.Kh2 Qf7 33.Qf2 Bc6 34.Rb2 Ba4 35.Bxa4 Rxg1 36.Qxg1 Rxa4
37.Qb1 Ra7 38.Rb5 Qc7 39.Qb4 Kg7 40.Rb8 Qf7 41.Kg3 g5 42.Qd6 f4+ 43.Kg4 fxe3
44.Qf6+ Qxf6 45.exf6+ Kxf6 46.Rb6+ Kg7 47.Re6 Ra3 48.Rxe4 Rxc3  0-1

[Event "Open"]
[Site "Fourmies FRA"]
[Date "2001.06.03"]
[Round "3"]
[White "Shchekachev,A"]
[Black "Israel,G"]
[Result "1-0"]
[WhiteElo "2543"]
[BlackElo "2021"]

1.d4 Nf6 2.Bg5 e6 3.Nd2 h6 4.Bh4 c5 5.e3 cxd4 6.exd4 Be7 7.c3 b6 8.f4 Bb7
9.Bxf6 Bxf6 10.Ngf3 Qc7 11.g3 g5 12.fxg5 hxg5 13.g4 Qf4 14.Rg1 Rxh2 15.Nxh2 Qxh2
16.Nf3 Qxb2 17.Be2 Qxc3+ 18.Qd2 Qxd2+ 19.Kxd2 Bd5  1-0

[Event "Open"]
[Site "Estensi ITA"]
[Date "2001.06.06"]
[Round "5"]
[White "Diotallevi,M"]
[Black "Cebalo,M"]
[Result "0-1"]
[WhiteElo "2088"]
[BlackElo "2465"]

1.d4 Nf6 2.Bg5 e6 3.e3 c5 4.Nd2 cxd4 5.exd4 Be7 6.Ngf3 b6 7.Bd3 Bb7 8.O-O O-O
9.Qe2 d6 10.Rfe1 Nbd7 11.c3 a6 12.Bc4 Re8 13.a4 Bf8 14.Bb3 Qc7 15.Qc4 Bc6
16.Bh4 Qb7 17.Bg3 g6 18.Qd3 b5 19.axb5 axb5 20.Bc2 Nb6 21.b3 Nbd5 22.Reb1 Nh5
23.Ne1 Nhf4 24.Bxf4 Nxf4 25.Qf1 Bh6 26.Rxa8 Rxa8 27.Rd1 Ra2 28.f3 Nd5 29.Qd3 Qa7
30.Ne4 Qa3 31.Rb1 f5 32.Nf2 Kf7 33.Nd1 Qa7 34.Kh1 Ra1 35.Kg1 Nf4 36.Qf1 Rxb1
37.Bxb1 b4 38.g3 Nd5 39.Qd3 bxc3 40.Nxc3 Be3+ 41.Kg2 Qxd4 42.Nxd5 Bxd5 43.Qxd4 Bxd4
44.Bc2 g5 45.Kf1 h5 46.h3 Kf6 47.Ke2 Be5 48.g4 fxg4 49.fxg4 h4  0-1

[Event "IHEM"]
[Site "Hamburg GER"]
[Date "2001.06.06"]
[Round "5"]
[White "Reddmann,H"]
[Black "Rausis,I"]
[Result "1/2-1/2"]
[WhiteElo "2337"]
[BlackElo "2500"]

1.d4 Nf6 2.Bg5 e6 3.Nc3 h6 4.Bxf6 Qxf6 5.e4 d6 6.Qd2 c6 7.Nf3 e5 8.h3 Nd7
9.a4 Be7 10.Bc4 Nf8 11.Qe3 Ng6 12.Ne2 O-O 13.O-O Bd8 14.c3 Bc7 15.Nh2 Re8
16.Bb3 Qe7 17.Rae1 Bd7 18.Qg3 Qg5 19.Qd3 Re7 20.Nf3 Qf6 21.Nd2 Rd8 22.d5 Bc8
23.Kh2 Ree8 24.Bc2 Qg5 25.Nf3 Qe7 26.Ng3 Nf4 27.Qd2 Qf6 28.Ng1 Qg5 29.Nf3 Qg6
30.Nh4 Qf6 31.Nhf5 g6 32.Ne3 Qg5 33.Ne2 Nxg2 34.Rd1 Nh4 35.f4 exf4 36.Nxf4 Bb6
37.Nc4 Re7 38.Nxb6 axb6 39.Rf2 Qe5 40.Rg1 cxd5 41.Qxd5 Be6 42.Qd2 g5 43.Rg3 Ng6
44.Nh5 Rc7 45.Qe3 Rc5 46.Bd1 Kf8 47.Bg4 Ke7 48.Bxe6 fxe6 49.Rf6 Rg8 50.Kh1 Kd8
51.Rf7 Rc7 52.Rgf3 Qc5 53.Qe2 Rxf7 54.Rxf7 Rf8 55.Qf3 Rxf7 56.Qxf7 Qc4 57.Qxg6 Qf1+
58.Kh2 Qf2+  1/2-1/2

[Event "Open"]
[Site "Estensi ITA"]
[Date "2001.06.08"]
[Round "7"]
[White "Brumen,D"]
[Black "Tatai,S"]
[Result "1/2-1/2"]
[WhiteElo "2458"]
[BlackElo "2352"]

1.d4 Nf6 2.Bg5 e6 3.e4 h6 4.Bxf6 Qxf6 5.Nc3 Bb4 6.Qd2 c5 7.a3 cxd4 8.axb4 dxc3
9.bxc3 b6 10.Nf3 Bb7 11.Bd3 Nc6 12.O-O O-O 13.Rfe1 d6 14.Ba6 Bxa6 15.Rxa6 Qe7
16.Nd4 Qb7 17.Raa1 Rfd8 18.f4 a5 19.b5 Nxd4 20.cxd4 Rac8 21.Ra3 Qe7 22.Rg3 Kh8
23.Rh3 Qf6 24.c3 Kg8 25.g4 e5 26.Rf1 exf4 27.Rxf4 Qg6 28.Rhf3 f6 29.h3 Re8
30.Re3 d5 31.Qa2 Qf7 32.e5 Qd7 33.Rf5 Re6 34.Qb3 Rce8 35.c4 dxc4 36.Qxc4 Kh8
37.Ref3 fxe5 38.dxe5 Qe7 39.Rf7 Qc5+ 40.Qxc5 bxc5  1/2-1/2

[Event "Open"]
[Site "Estensi ITA"]
[Date "2001.06.09"]
[Round "8"]
[White "Brumen,D"]
[Black "Borgo,G"]
[Result "1-0"]
[WhiteElo "2458"]
[BlackElo "2408"]

1.d4 Nf6 2.Bg5 e6 3.e4 h6 4.Bxf6 Qxf6 5.Nc3 Bb4 6.Qd2 d6 7.Nf3 e5 8.a3 exd4
9.axb4 dxc3 10.bxc3 O-O 11.Bd3 Nc6 12.b5 Ne5 13.Nxe5 Qxe5 14.O-O Bd7 15.c4 a6
16.bxa6 bxa6 17.Ra5 c5 18.Qe3 Rfb8 19.f4 Qc3 20.Rfa1 Rb1+ 21.Rxb1 Qxa5 22.e5 Bc6
23.e6 Qc7 24.f5 Re8 25.Be2 fxe6 26.fxe6 Qe7 27.Bg4 Qh4 28.Qe2 g6 29.Rb6 Ba8
30.Rxd6 h5 31.Bh3 a5 32.Rd3 Qe4 33.Re3 Qd4 34.c3 Qg7 35.e7 Bc6 36.Qd3 Kh7
37.Re6 Ba4 38.Rxg6 Qxg6  1-0

[Event "White Nights"]
[Site "St Petersburg RUS"]
[Date "2001.06.09"]
[Round "1"]
[White "Eliseev,A"]
[Black "Smirnov,Ar"]
[Result "1-0"]
[WhiteElo "2471"]
[BlackElo "2246"]

1.d4 Nf6 2.Bg5 e6 3.Nf3 h6 4.Bxf6 Qxf6 5.Nbd2 g6 6.e4 Bg7 7.Bd3 d6 8.Qe2 O-O
9.e5 Qe7 10.h4 Nd7 11.h5 g5 12.O-O-O c5 13.Kb1 cxd4 14.exd6 Qxd6 15.Ne4 Qe7
16.Nexg5 hxg5 17.h6 Bh8 18.Nxg5 Be5 19.f4 Bd6 20.Nh7 f5 21.Nxf8 Nxf8 22.g4 Kh7
23.Rdg1 Ng6 24.gxf5 exf5 25.Rxg6 Kxg6 26.Rg1+ Kf6 27.Qh5 Bxf4 28.Qh4+  1-0

[Event "2nd IECC"]
[Site "Ohrid MKD"]
[Date "2001.06.10"]
[Round "9"]
[White "Minasian,Art"]
[Black "Moreno Carnero,J"]
[Result "1/2-1/2"]
[WhiteElo "2554"]
[BlackElo "2480"]

1.d4 Nf6 2.Bg5 e6 3.e3 c5 4.c3 b6 5.Nd2 Bb7 6.Ngf3 cxd4 7.cxd4 Be7 8.Bd3 Nd5
9.Bxe7 Qxe7 10.O-O O-O 11.a3 d6 12.Rc1 Nc6 13.Bb5 Rfc8 14.Qa4 Nd8 15.e4 Rxc1
16.Rxc1 Nf6 17.e5 Nd5 18.Ba6 dxe5 19.dxe5 Bxa6 20.Qxa6 Qb7 21.Qa4 h6 22.g3 b5
23.Qd4 Nc6 24.Qd3 Rd8 25.Ne4 Qb6 26.Qe2 a6 27.Rc5 Nde7 28.b4 Rd5 29.Qc2 Rxc5
30.Nxc5 a5 31.bxa5 Qxa5 32.Qc1 Nd5 33.Nxe6 Nc3 34.Nf4 g5 35.Kg2 gxf4 36.Qxf4 Qa4
37.Qxh6 Qe4 38.Qg5+ Kf8 39.Qh4 Kg8 40.Qg5+ Kf8 41.Qh6+ Kg8  1/2-1/2

[Event "12th Open"]
[Site "Ljubljana SLO"]
[Date "2001.06.28"]
[Round "6"]
[White "Kovacevic,B"]
[Black "Tratar,M"]
[Result "1-0"]
[WhiteElo "2443"]
[BlackElo "2410"]

1.d4 Nf6 2.Bg5 e6 3.e3 c5 4.Nd2 Nc6 5.c3 d5 6.Ngf3 Qb6 7.Rb1 Be7 8.Bd3 Qc7
9.O-O Bd7 10.Qe2 cxd4 11.exd4 h6 12.Bh4 Bd6 13.Bg3 Bxg3 14.hxg3 O-O-O 15.b4 Kb8
16.b5 Ne7 17.Ne5 Be8 18.Rfc1 Nc8 19.c4 dxc4 20.Rxc4 Qa5 21.Nc6+  1-0

[Event "12th Open"]
[Site "Ljubljana SLO"]
[Date "2001.06.29"]
[Round "7"]
[White "Sirnik,B"]
[Black "Kutuzovic,B"]
[Result "1/2-1/2"]
[WhiteElo "2156"]
[BlackElo "2414"]

1.d4 Nf6 2.Bg5 e6 3.e4 h6 4.Bxf6 Qxf6 5.Nc3 d6 6.Qd2 g5 7.g3 Bg7 8.Nb5 Qe7
9.c3 c6 10.Na3 d5 11.e5 Nd7 12.f4 f5 13.Nf3 g4 14.Nh4 Qf7 15.Nc2 Nf8 16.Ng2 Ng6
17.Bd3 h5 18.h4  1/2-1/2

[Event "Open"]
[Site "Andorra AND"]
[Date "2001.07.02"]
[Round "3"]
[White "Andres Gonzalez,A"]
[Black "Visser,Y"]
[Result "1/2-1/2"]
[WhiteElo "2407"]
[BlackElo "2447"]

1.d4 Nf6 2.Bg5 e6 3.Nd2 h6 4.Bh4 d5 5.e3 Be7 6.Bd3 c5 7.c3 Qb6 8.Rb1 Nc6
9.Ngf3 g5 10.Bg3 Nh5 11.Be5 Nf6 12.Bg3 Nh5 13.Be5 Nf6 14.Bg3  1/2-1/2

[Event "ch-SWE"]
[Site "Linkoping SWE"]
[Date "2001.07.04"]
[Round "5"]
[White "Eriksson,A"]
[Black "Wedberg,T"]
[Result "0-1"]
[WhiteElo "2335"]
[BlackElo "2505"]

1.d4 Nf6 2.Bg5 e6 3.e3 h6 4.Bh4 d6 5.Bd3 Nbd7 6.f3 c5 7.c3 Be7 8.Ne2 O-O
9.O-O b6 10.Nd2 cxd4 11.cxd4 Nd5 12.Bf2 Nb4 13.Bb1 Ba6 14.Nb3 d5 15.Re1 Rc8
16.Bg3 Bh4 17.Qd2 Nc6 18.Bc2 Bc4 19.Nbc1 a5 20.Nd3 Bxg3 21.hxg3 Qe7 22.a3 Rc7
23.Nc3 Rfc8 24.f4 Na7 25.Ne5 Nxe5 26.dxe5 b5 27.Rec1 a4 28.Bd1 Nc6 29.Ne2 Qc5
30.Nd4 Qb6 31.Rc3 Na5 32.Kh2 Nb7 33.Bf3 Nc5 34.Rac1 b4 35.axb4 Qxb4 36.R1c2 Qb6
37.Ra3 Nb3 38.Nxb3 Bxb3 39.Rxc7 Qxc7 40.Bd1 Qc4 41.Bxb3 axb3 42.Qd1 Qc2 43.Qa1 Kh7
44.Ra7 Qe2 45.Qa6 Qh5+ 46.Kg1 Rc1+ 47.Kf2 Rc2+ 48.Kg1 Rc1+ 49.Kf2 Qd1 50.g4 Rc2+
51.Kg3 Qe1+  0-1

[Event "ch-BEL"]
[Site "Charleroi BEL"]
[Date "2001.07.11"]
[Round "5"]
[White "Winants,L"]
[Black "Dgebuadze,A"]
[Result "1/2-1/2"]
[WhiteElo "2497"]
[BlackElo "2547"]

1.d4 Nf6 2.Bg5 e6 3.e3 h6 4.Bh4 c5 5.Nf3 b6 6.c4 Bb7 7.Nc3 Be7 8.Bd3 cxd4
9.exd4 Bxf3 10.Qxf3 Nc6 11.O-O Nxd4 12.Qh3 Nc6 13.Rad1 Rc8 14.Bb1 Ne5 15.b3 Ng6
16.Bxg6 fxg6 17.Qg3 O-O 18.Qxg6 a6 19.Qd3 Qc7 20.Ne4 Nxe4 21.Bxe7 Rf7 22.Ba3 Qb7
23.f3 Nf6 24.Bd6 b5 25.Rc1 Qb6+ 26.Kh1 bxc4 27.bxc4 Qc6  1/2-1/2

[Event "ch-SUI"]
[Site "Scuol SUI"]
[Date "2001.07.12"]
[Round "1"]
[White "Duerig,W"]
[Black "Kaenel,H"]
[Result "0-1"]
[WhiteElo "2096"]
[BlackElo "2426"]

1.d4 Nf6 2.Bg5 e6 3.e4 h6 4.Bxf6 Qxf6 5.c3 d5 6.e5 Qd8 7.f4 c5 8.a3 a5 9.Bb5+ Nc6
10.Nf3 Qb6 11.a4 Bd7 12.Na3 cxd4 13.Nxd4 Bc5 14.Nac2 O-O 15.Bxc6 bxc6 16.b3 Bxd4
17.Nxd4 Rfb8 18.Ra3 c5 19.Ne2 c4 20.bxc4 Qc5 21.Ra1 Qxc4 22.O-O Rb2 23.Re1 Rab8
24.h3 R8b3 25.Kh2 Bxa4 26.Nd4 Ra3 27.Rxa3 Bxd1 28.Rxd1 a4 29.Kg3 Ra2 30.Rxa2 Qxa2
31.f5 exf5 32.Nxf5 Qc2  0-1

[Event "Heart of Finland Open"]
[Site "Jyvaskyla FIN"]
[Date "2001.07.22"]
[Round "9"]
[White "Paasikangas,J"]
[Black "Hokkanen,P"]
[Result "1-0"]
[WhiteElo "2315"]
[BlackElo "2250"]

1.d4 Nf6 2.Bg5 e6 3.e4 h6 4.Bxf6 Qxf6 5.Nf3 d6 6.e5 Qe7 7.c3 g6 8.Bd3 Bg7
9.O-O O-O 10.Qe2 Nd7 11.Nbd2 dxe5 12.dxe5 b6 13.Rfe1 a5 14.h4 h5 15.Qe3 Rd8
16.Rad1 Bb7 17.Bc2 Nc5 18.b4 Nd7 19.a3 Nf8 20.Qf4 axb4 21.axb4 Bxf3 22.Nxf3 Rxd1
23.Rxd1 Rd8 24.Re1 c5 25.b5 Qa7 26.Be4 Qa4 27.Ng5 Qa7 28.Bc6 Bh6 29.Qf6 Bxg5
30.Qxg5 Rd3 31.Qf6 Qc7 32.Ra1 Rd8 33.g3 Nh7 34.Qf4 Kg7 35.Qe3 Nf8 36.Kg2 Nd7
37.Re1 Nb8 38.Bf3 Qd7 39.Qg5 Qc7 40.Bxh5 Rd5 41.Bf3 Rd3 42.h5 Qd8 43.Qf4 g5
44.h6+ Kf8 45.Qe4 Kg8 46.h7+ Kh8 47.Ra1  1-0

[Event "Zhong Hong Real Estate Cup"]
[Site "Beijing CHN"]
[Date "2001.07.24"]
[Round "5"]
[White "Liang Chong"]
[Black "Wu Shaobin"]
[Result "1/2-1/2"]
[WhiteElo "2556"]
[BlackElo "2535"]

1.d4 Nf6 2.Bg5 e6 3.e4 h6 4.Bxf6 Qxf6 5.Nc3 Bb4 6.Qd2 d6 7.a3 Ba5 8.Bc4 c6
9.Nge2 e5 10.O-O O-O 11.Rad1 Nd7 12.Ba2 Re8 13.Kh1 Nf8 14.b4 Bb6 15.f4 exd4
16.Nxd4 Bg4 17.Nf3 Rad8 18.h3 Bxf3 19.Rxf3  1/2-1/2

[Event "XXI Open"]
[Site "Cullera ESP"]
[Date "2001.07.26"]
[Round "8"]
[White "Carrasco Sagredo,M"]
[Black "Sanchez Saez,F"]
[Result "0-1"]
[WhiteElo "2059"]
[BlackElo "2129"]

1.d4 Nf6 2.Bg5 e6 3.e4 h6 4.Bxf6 Qxf6 5.c3 b6 6.Be2 Bb7 7.Bf3 Nc6 8.Ne2 g5
9.Nd2 O-O-O 10.Ng3 Qg6 11.h4 Be7 12.h5 Qg7 13.O-O g4 14.Bxg4 Bh4 15.Bh3 Rhg8
16.a4 a5 17.b4 axb4 18.d5 Nb8 19.d6 Bxg3 20.fxg3 Qxc3 21.Rc1 Qd4+ 22.Kh1 Nc6
23.dxc7 Kxc7 24.Rc4 Qe5 25.Nf3 Qxg3 26.e5 d5 27.exd6+ Rxd6 28.Nd4 Kb8 29.Rxc6 Rxd4
30.Qxd4 Qxh3+ 31.gxh3 Bxc6+ 32.Kh2 Rg2+ 33.Kh1 Rf2+  0-1

[Event "Open"]
[Site "Korinthos GRE"]
[Date "2001.07.29"]
[Round "2"]
[White "Miladinovic,I"]
[Black "Korres,E"]
[Result "1-0"]
[WhiteElo "2496"]
[BlackElo "2074"]

1.d4 Nf6 2.Bg5 e6 3.e3 d5 4.c4 Be7 5.Nc3 h6 6.Bh4 c6 7.cxd5 exd5 8.Bd3 O-O
9.Qc2 b6 10.Nf3 Ba6 11.Bxa6 Nxa6 12.Ne5 Qd6 13.O-O Nc7 14.Bg3 Qe6 15.Na4 c5
16.dxc5 b5 17.Nc3 Nh5 18.Nd3 Nxg3 19.hxg3 a5 20.Rfd1 g5 21.a4 b4 22.Nb5 Nxb5
23.axb5 Rfb8 24.b6 Qc6 25.Qa4 Rc8 26.Qxc6 Rxc6 27.Nxb4 Rxb6 28.cxb6 Bxb4
29.Rxd5  1-0

[Event "1st Asean Open"]
[Site "Bandar Seri Begawan BRU"]
[Date "2001.07.31"]
[Round "3"]
[White "Rogers,I"]
[Black "Mariano,N"]
[Result "1-0"]
[WhiteElo "2538"]
[BlackElo "2396"]

1.d4 Nf6 2.Bg5 e6 3.e4 h6 4.Bxf6 Qxf6 5.c3 d6 6.Bd3 Nd7 7.Ne2 Qd8 8.O-O Be7
9.Nd2 O-O 10.f4 c5 11.Kh1 b6 12.e5 cxd4 13.cxd4 Bb7 14.Ne4 Kh8 15.exd6 Bf6
16.Qa4 b5 17.Qxb5 Rb8 18.Qh5 Bxe4 19.Bxe4 Rxb2 20.Rae1 Bh4 21.Rb1 Rxa2 22.Bd3 Ra3
23.Rfd1 Ra5 24.Qf3 Nb6 25.Qe4 g6 26.Ra1 Rxa1 27.Rxa1 Qxd6 28.f5 Qe7 29.fxg6 f5
30.Qe3 Bf6 31.g4 Bg7 32.gxf5 exf5 33.Ng3 Bxd4 34.Rf1 Bg7 35.Nxf5 Qe6 36.Nxg7  1-0

[Event "Pricenet Cup"]
[Site "Olomouc CZE"]
[Date "2001.08.04"]
[Round "4"]
[White "Andres Gonzalez,A"]
[Black "Bjornsson,S"]
[Result "1/2-1/2"]
[WhiteElo "2407"]
[BlackElo "2297"]

1.d4 Nf6 2.Bg5 e6 3.Nd2 c5 4.e3 cxd4 5.exd4 b6 6.Qf3 Nc6 7.c3 Be7 8.Bd3 Bb7
9.Qh3 Nd5 10.Bxe7 Qxe7 11.Ne2 h6 12.O-O g5 13.Nc4 O-O-O 14.a4 h5 15.Ne3 Nf4
16.Nxf4 gxf4 17.Nc4 Rdg8 18.Be4 Rg5 19.Nd2 f5 20.Bf3 Rhg8 21.Kh1 Qf6 22.Qh4 Ne7
23.Bxb7+ Kxb7 24.Nf3 R5g6 25.Qxf4 Rxg2 26.a5 Nd5 27.Qd6 Qe7 28.Qxe7 Nxe7
29.Ne5 d6 30.axb6 axb6 31.Nd3 R2g4 32.Rae1 Ng6 33.f3 Rg5 34.Rxe6 Nh4 35.Nf4 Nxf3
36.Nh3 Rg2 37.Rxf3 Rxb2 38.Rg3 Ra8 39.Rg2 Ra1+ 40.Ng1 Rbb1 41.Rxd6 f4 42.Rg7+ Ka6
43.Rgg6 Rb2 44.Rd8 Rf1 45.Rg2 Rbb1 46.h3 f3 47.Ra2+ Kb5  1/2-1/2

[Event "Pricenet Cup"]
[Site "Olomouc CZE"]
[Date "2001.08.07"]
[Round "9"]
[White "Andres Gonzalez,A"]
[Black "Jurek,J"]
[Result "1-0"]
[WhiteElo "2407"]
[BlackElo "2329"]

1.d4 Nf6 2.Bg5 e6 3.Nf3 c5 4.e3 cxd4 5.exd4 Qb6 6.Nbd2 Qxb2 7.Rb1 Qc3 8.Rb3 Qc7
9.Bd3 Be7 10.O-O d5 11.c4 Nc6 12.Qb1 O-O 13.cxd5 exd5 14.Bxf6 Bxf6 15.Bxh7+ Kh8
16.Bf5 Qf4 17.Bxc8 Rfxc8 18.Rxb7 Rab8 19.Qb5 Rxb7 20.Qxb7 Rc7 21.Qb5 Nxd4
22.Qxd5 Rc2 23.Re1 Ne6 24.Ne4 Be7 25.Qa8+ Kh7 26.Qd5 Kh8 27.Qa8+ Kh7 28.Qxa7 Bb4
29.Qa6 f5 30.Qxe6 fxe4 31.Ng5+ Qxg5 32.Qxe4+ g6 33.Qxb4 Rxa2 34.Qe7+ Qxe7
35.Rxe7+ Kh6 36.g3 g5 37.Kg2 g4 38.Re4 Kg5 39.Re5+ Kg6 40.Re4 Kg5 41.Rf4 Rb2
42.h4+ gxh3+ 43.Kxh3 Rb1 44.Ra4 Kg6 45.g4 Rh1+ 46.Kg2 Rb1 47.f3 Rb3  1-0

[Event "ch-EST"]
[Site "Puhajarve EST"]
[Date "2001.08.08"]
[Round "11"]
[White "Kanep,M"]
[Black "Kiik,K"]
[Result "0-1"]
[WhiteElo "2318"]
[BlackElo "2449"]

1.d4 Nf6 2.Bg5 e6 3.e4 h6 4.Bxf6 Qxf6 5.c3 d6 6.Bd3 Nd7 7.Ne2 g6 8.O-O Bg7
9.Nd2 O-O 10.Kh1 Qe7 11.f4 e5 12.f5 Nf6 13.Ng3 Kh7 14.Nf3 Bd7 15.Qb3 b6 16.Rad1 Ng4
17.Rde1 h5 18.h3 Nh6 19.Rf2 Bf6 20.dxe5 dxe5 21.Rd2 Rad8 22.Red1 Bc6 23.Bc2 h4
24.Nf1 gxf5 25.Ne3 Bxe4 26.Bxe4 fxe4 27.Qc2 Rxd2 28.Nxd2 Bg7 29.Qxe4+ f5
30.Qc4 e4 31.Rf1 Qe5 32.Qe2 Qd6 33.Ndc4 Qg6 34.Nd5 Qg3 35.a4 Be5 36.Nxe5 Qxe5
37.c4 f4 38.Qc2 Nf5 39.Kg1 Ng3  0-1

[Event "TCh-ESP Div 2"]
[Site "Vila Real ESP"]
[Date "2001.08.15"]
[Round "3"]
[White "Bellon Lopez,JM"]
[Black "Merino Garcia,R"]
[Result "1-0"]
[WhiteElo "2432"]
[BlackElo "2309"]

1.d4 Nf6 2.Bg5 e6 3.e4 h6 4.Bxf6 Qxf6 5.Nc3 d6 6.Qd2 c6 7.O-O-O e5 8.Nf3 Bg4
9.Be2 Be7 10.h4 Bxf3 11.Bxf3 exd4 12.Ne2 Qe6 13.Kb1 Qe5 14.Nxd4 Bf6 15.c3 Na6
16.Qc2 Nc5 17.g3 O-O-O 18.Rhe1 g6 19.Bg2 Qe7 20.f4 Bg7 21.h5 Qc7 22.hxg6 fxg6
23.b4 Bxd4 24.Rxd4 Ne6 25.Bh3 Rhe8 26.e5 dxe5 27.Rxe5 Rxd4 28.cxd4  1-0

[Event "TCh-ESP Div 2"]
[Site "Vila Real ESP"]
[Date "2001.08.16"]
[Round "4"]
[White "Olea Perez,M"]
[Black "Gonzalez Diaz,J"]
[Result "1-0"]
[WhiteElo "2263"]
[BlackElo "2244"]

1.d4 Nf6 2.Bg5 e6 3.e4 h6 4.Bxf6 Qxf6 5.Nc3 d6 6.Qd2 Bd7 7.O-O-O a6 8.f4 b5
9.a3 c6 10.e5 Qd8 11.Ne4 d5 12.Nc5 Qb6 13.Qf2 a5 14.Nf3 Na6 15.Nxd7 Kxd7
16.f5 Be7 17.f6 gxf6 18.exf6 Bd6 19.Qe2 Bf4+ 20.Kb1 a4 21.c3 Rab8 22.Ne1 Bd6
23.Nd3 Rhf8 24.Qh5 c5 25.dxc5 Nxc5 26.Nxc5+ Qxc5 27.g3 Kc7 28.Qxh6 Kb7 29.Bd3 Ka7
30.Qd2 Be5 31.Rhf1 Rfd8 32.Be2 Qb6 33.Qg5 Bd6 34.g4 Bc5 35.Qd2 d4 36.cxd4 Rxd4
37.Qc2 Rbd8 38.Rxd4 Bxd4 39.Rc1 Rb8 40.Bf3 Ka6 41.Qh7 Qa7 42.Rc6+ Ka5 43.Qe4 b4
44.Rc4 e5 45.Qd5+ Rb5 46.axb4+ Ka6 47.Qc6+  1-0

[Event "Rubinstein Open"]
[Site "Polanica Zdroj POL"]
[Date "2001.08.20"]
[Round "5"]
[White "Betkowski,A"]
[Black "Langer,K"]
[Result "0-1"]
[WhiteElo "2190"]
[BlackElo "2089"]

1.d4 Nf6 2.Bg5 e6 3.e4 Be7 4.Bd3 d5 5.Bxf6 Bxf6 6.e5 Be7 7.Qg4 O-O 8.Nf3 f5
9.exf6 Bxf6 10.h4 e5 11.Bxh7+ Kxh7 12.Qh5+ Kg8 13.Ng5 Bf5 14.g4 Bxc2 15.Na3 Qe8
16.Nxc2 exd4+ 17.Qxe8 Rxe8+ 18.Kd2 c5 19.f4 Nd7 20.Rae1 Bxg5  0-1

[Event "WJun Women"]
[Site "Athens GRE"]
[Date "2001.08.21"]
[Round "6"]
[White "Mkrtchian,L"]
[Black "Gu Xiaobing"]
[Result "1-0"]
[WhiteElo "2376"]
[BlackElo "2300"]

1.d4 Nf6 2.Bg5 e6 3.Nf3 Be7 4.e3 h6 5.Bh4 b6 6.c4 Bb7 7.Nc3 O-O 8.Bd3 d5
9.O-O Nbd7 10.Qe2 c5 11.Rad1 cxd4 12.exd4 dxc4 13.Bxc4 Nd5 14.Nxd5 Bxh4 15.Nc3 Bf6
16.Ne5 Qe7 17.f4 Rac8 18.Kh1 Rfd8 19.f5 Nxe5 20.dxe5 Rxd1 21.Rxd1 Bxe5 22.fxe6 fxe6
23.Bb3 Rc5 24.Qg4 Bxc3 25.bxc3 Kh8 26.Qxe6 Qxe6 27.Bxe6 Rxc3 28.Kg1 Rc7 29.h4 g6
30.g3 Kg7 31.Kf2 Kf6 32.Bb3 Ke5 33.Rd8 Be4 34.Rh8 h5 35.Re8+ Kd4 36.Rd8+ Kc5
37.Ke3 Re7 38.Kf4 b5 39.Kg5 a5 40.Kf6 Rb7 41.a3 a4 42.Bd1 Rb6+ 43.Ke5 Bb1
44.Rc8+ Rc6 45.Rxc6+ Kxc6 46.Kd4 Kd6 47.Be2 Kc6 48.g4 hxg4 49.Bxg4 Kd6 50.Be2 Kc6
51.Bg4 Bc2 52.Bf3+ Kd6 53.Be2 Kc6 54.Bf3+ Kb6 55.Bd5 Bd1 56.Bf7 Bh5 57.Be8 Bd1
58.Bxg6 b4 59.axb4 a3 60.Bf7 Bh5 61.Bc4 Be2 62.Bg8 Kb5 63.Kc3 Bd1 64.Bf7 Kc6
65.Bc4 Kb6 66.Bd3 Kc6 67.Bc4 Kb6 68.Bf7 Kb5 69.Bb3 Bf3 70.Bc4+ Ka4 71.Be6 Bd1
72.Bd7+  1-0

[Event "14th Kieler Open"]
[Site "Kiel GER"]
[Date "2001.08.22"]
[Round "7"]
[White "Kalinitschew,S"]
[Black "Janz,F"]
[Result "1-0"]
[WhiteElo "2483"]
[BlackElo "2352"]

1.d4 Nf6 2.Bg5 e6 3.Nf3 c5 4.e3 b6 5.d5 Bb7 6.Nc3 a6 7.e4 Qc7 8.Bxf6 gxf6
9.a4 Bg7 10.Bc4 Ke7 11.O-O d6 12.Nh4 Bc8 13.Qh5 Qd8 14.f4  1-0

[Event "Open"]
[Site "Lisbon POR"]
[Date "2001.08.24"]
[Round "4"]
[White "Caselas Cabanas,J"]
[Black "Stohl,I"]
[Result "1/2-1/2"]
[WhiteElo "2328"]
[BlackElo "2533"]

1.d4 Nf6 2.Bg5 e6 3.Nf3 h6 4.Bh4 d6 5.Nbd2 Nbd7 6.e3 g5 7.Bg3 Nh5 8.c3 Bg7
9.Be2 Qe7 10.Qc2 f5 11.O-O-O O-O 12.Ne1 Ndf6 13.f3 Nxg3 14.hxg3 c5 15.dxc5 d5
16.Nb3 Qc7 17.g4 fxg4 18.Qg6 Qe5 19.Nc2 Bd7 20.Qd3 Rfc8 21.Rdf1 a5 22.f4 Qe4
23.Qd2 gxf4 24.exf4 Qg6 25.Bd3 Qf7 26.Qe3 Re8 27.Nbd4 Rac8 28.Rh4 h5 29.Ne2  1/2-1/2

[Event "21st Open"]
[Site "Bratto ITA"]
[Date "2001.08.28"]
[Round "7"]
[White "Digiugno,F"]
[Black "Temi,W"]
[Result "1-0"]
[WhiteElo "2145"]
[BlackElo "2067"]

1.d4 Nf6 2.Bg5 e6 3.Nf3 b6 4.Nbd2 Bb7 5.e3 Be7 6.Bd3 d5 7.c3 Nbd7 8.O-O c5
9.Qa4 O-O 10.Ne5 Nxe5 11.dxe5 Nh5 12.Bxe7 Qxe7 13.Be2 g6 14.Bxh5 gxh5 15.Qd1 Qg5
16.f4 Qf5 17.Nf3 Qg4 18.h3 Qg3 19.Ng5 d4 20.e4 Qe3+ 21.Kh2 Bxe4 22.Qxh5 Bg6
23.Qh6 Qe2 24.Rf3 Kh8 25.Nxh7  1-0